Statystyki dla Co wieszamy na wieszaku w szafie?

Kliknij tutaj aby rozwiązać quiz!

Ogólne statystyki

  • Ten quiz został rozwiązany 21 razy
  • Średni wynik to 4 z 6

Statystyki odpowiedzi

Odpowiedź% Poprawnych
Koszule
82%
kurtkę
82%
marynarkę | żakiet | garnitur
76%
sukienkę
59%
spódnice
29%
sweter
24%

Rozkład punktacji

Percentyl według liczby udzielonych odpowiedzi

Procent ludzi z każdym wynikiem

Twoja historia wyników

Nie rozwiązałeś tego quizu